Movies Quiz

Random Movies or Box Office Quiz

Films Grossing Over $120 Million (Domestic) Quiz Stats

Quiz not verified by Sporcle

Challenge
Share
Tweet
Embed
Score 0/283 Timer 20:00
0 Plays Today
Year Movie % Correct
2009Avatar
93.9%
1997Titanic
90.9%
1999 ('77, '80, '83, '02, '05)Star Wars
87.9%
2012The Avengers
83.3%
2008 ('05, '12)Batman - The Dark Knight
81.8%
2003 ('01, '02, '12)The Lord of the Rings
78.8%
2011 ('01, '02, '04, '05, '07, '09, '10)Harry Potter
78.8%
2002 ('04, '07)Spider-Man
74.2%
2012The Amazing Spider-Man
74.2%
2008 ('10)Iron Man
72.7%
2000 ('96, '06, '11)Mission: Impossible
72.7%
2008 ('81, '84, '89)Indiana Jones
71.2%
1982E.T.: The Extra-Terrestrial
69.7%
2009Star Trek
69.7%
2012 ('06, '08)James Bond
68.2%
2010 ('96, '99)Toy Story
68.2%
1989 ('92, '95, '97)Batman
68.2%
2004 ('01, '07, '10)Shrek
66.7%
2009 ('07, '11)Transformers
66.7%
1975 ('78, '83, '87)Jaws
66.7%
1991 ('84, '03, '09)The Terminator
66.7%
1993 ('97, '01)Jurassic Park
65.2%
2006 ('03, '07, '11)Pirates of the Caribbean
65.2%
2006Superman Returns
65.2%
1978 ('80, '83)Superman
65.2%
1994Forrest Gump
63.6%
2003Finding Nemo
63.6%
1994The Lion King
63.6%
1997 ('02, '12)Men in Black
63.6%
2006 ('00, '03, '09, '11)X-Men
62.1%
2009Up
60.6%
2007 ('02, '04, '12)The Bourne Series
60.6%
1985 ('89, '90)Back to the Future
60.6%
2006 ('11)Cars
59.1%
1990Ghost
59.1%
2010 ('08, '09, '11, '12)Twilight
57.6%
1996The Rock
57.6%
1972 ('74, '90)The Godfather
56.1%
1989 ('92)Honey, I Shrunk the Kids
56.1%
2009 ('11)The Hangover
54.5%
2004The Incredibles
54.5%
1991Beauty and the Beast
54.5%
1992Aladdin
54.5%
2011Captain America
54.5%
1996Independence Day
53%
2012Brave
53%
2008WALL-E
53%
2007 ('88, '90, '95, '13)Die Hard
53%
1985 ('76, '79, '82, '90, '06)Rocky
53%
2003 ('99, '03)The Matrix
51.5%
2000Gladiator
51.5%
1939Gone with the Wind
51.5%
2010Inception
50%
1999The Sixth Sense
50%
2012The Hunger Games
50%
2001Monsters, Inc.
50%
1984 ('89)Ghostbusters
50%
2012 ('05, '08)Madagascar
50%
2009 ('02, '06, '12)Ice Age
50%
2006The Departed
50%
2011 ('01, '03, '06, '09)The Fast and the Furious
48.5%
1937Snow White and the Seven Dwarfs
48.5%
2011Thor
48.5%
2012Snow White and the Huntsman
48.5%
1973The Exorcist
47%
2008 ('03)The Incredible Hulk
47%
1990 ('92)Home Alone
45.5%
2000Cast Away
45.5%
2008Hancock
45.5%
2007Ratatouille
45.5%
2001 ('04, '07)Ocean's Eleven
45.5%
1986Top Gun
45.5%
1985 ('82, '88, '08)Rambo
45.5%
2004 ('00, '10)Meet the Parents
43.9%
1984 ('87)Beverly Hills Cop
43.9%
1998Saving Private Ryan
43.9%
1998A Bug's Life
43.9%
1989 ('87, '92, '98)Lethal Weapon
43.9%
2004The Passion of the Christ
42.4%
2007I Am Legend
42.4%
2010Alice in Wonderland
40.9%
2005War of the Worlds
40.9%
1998Armageddon
40.9%
1978Grease
39.4%
1990Pretty Woman
39.4%
2005 ('08, '10)The Chronicles of Narnia
37.9%
2006 ('09)Night at the Museum
37.9%
2001 ('99, '08)The Mummy
37.9%
2005Hitch
37.9%
1965The Sound of Music
37.9%
2002Signs
36.4%
2005King Kong
36.4%
2008 ('11)Kung Fu Panda
36.4%
2002 ('97, '99)Austin Powers
36.4%
1990Dances with Wolves
36.4%
Year Movie % Correct
2002Chicago
36.4%
1997Liar Liar
34.8%
1986Platoon
34.8%
2000How the Grinch Stole Christmas
33.3%
2003Bruce Almighty
33.3%
2006 ('09)The Da Vinci Code
33.3%
2005Wedding Crashers
33.3%
2005Charlie and the Chocolate Factory
33.3%
2010Tangled
33.3%
1988Rain Man
33.3%
1995Pocahontas
33.3%
2003 ('95)Bad Boys
33.3%
2010Despicable Me
31.8%
2001 ('98, '07)Rush Hour
31.8%
1998The Waterboy
31.8%
1973The Sting
31.8%
2012Argo
31.8%
1996Twister
30.3%
2010How to Train Your Dragon
30.3%
2009 ('11)Sherlock Holmes
30.3%
1995Apollo 13
30.3%
1994Dumb and Dumber
30.3%
1994 ('97)Speed
30.3%
2009Inglourious Basterds
30.3%
1993Mrs. Doubtfire
28.8%
2001Planet of the Apes
28.8%
1997Air Force One
28.8%
1999Tarzan
28.8%
2001Hannibal
28.8%
2004I, Robot
28.8%
2010The King's Speech
28.8%
1998Mulan
28.8%
2007300
27.3%
2004The Polar Express
27.3%
1998There's Something About Mary
27.3%
2001A Beautiful Mind
27.3%
20092012
27.3%
2012Django Unchained
27.3%
2004Shark Tale
27.3%
2007Knocked Up
27.3%
2004Troy
27.3%
2012Ted
25.8%
2005Mr. & Mrs. Smith
25.8%
1993The Fugitive
25.8%
1996Jerry Maguire
25.8%
1994True Lies
25.8%
1999American Beauty
25.8%
2000 ('03)Charlie's Angels
25.8%
2009The Blind Side
24.2%
2007 ('04)National Treasure
24.2%
2012Wreck-It Ralph
24.2%
2004The Day After Tomorrow
24.2%
1991Robin Hood: Prince of Thieves
24.2%
2000Scary Movie
24.2%
1984Gremlins
24.2%
2009 ('12)Taken
24.2%
1992A Few Good Men
24.2%
1998Deep Impact
24.2%
2012The Lorax
22.7%
1982Tootsie
22.7%
2003Elf
22.7%
2005 ('07)Fantastic Four
22.7%
1997As Good as It Gets
22.7%
1997Good Will Hunting
22.7%
1999The Green Mile
22.7%
1977Close Encounters of the Third Kind
22.7%
2007Superbad
22.7%
2001Pearl Harbor
21.2%
2012Lincoln
21.2%
2010Grown Ups
21.2%
1988Who Framed Roger Rabbit
21.2%
2012Les Miserables
21.2%
2001 ('99, '03, '12)American Pie
21.2%
2007Juno
21.2%
2008Slumdog Millionaire
21.2%
2012Life of Pi
21.2%
2006 ('11)Happy Feet
19.7%
2009Monsters Vs. Aliens
19.7%
2007The Simpsons Movie
19.7%
2010The Karate Kid
19.7%
2010Tron Legacy
19.7%
2011Bridesmaids
19.7%
2002Catch Me If You Can
19.7%
1999Big Daddy
19.7%
2010Clash of the Titans
19.7%
1993The Firm
19.7%
1987Fatal Attraction
19.7%
2002Minority Report
19.7%
2001Lara Croft: Tomb Raider
19.7%
2008The Curious Case of Benjamin Button
19.7%
2009Cloudy with a Chance of Meatballs
19.7%
2012Silver Linings Playbook
19.7%
2002My Big Fat Greek Wedding
18.2%
2009 ('07, '11)Alvin and the Chipmunks
18.2%
2000What Women Want
18.2%
Year Movie % Correct
2010True Grit
18.2%
2008Gran Torino
18.2%
2008Mamma Mia!
18.2%
1998Godzilla
18.2%
2008Wanted
18.2%
1988Coming to America
18.2%
2012Prometheus
18.2%
1998The Truman Show
18.2%
200450 First Dates
18.2%
2005The Longest Yard
16.7%
2011Rio
16.7%
2002XXX
16.7%
2006Click
16.7%
2007American Gangster
16.7%
2010Shutter Island
16.7%
2000Erin Brockovich
16.7%
1987Three Men and a Baby
15.2%
2009The Proposal
15.2%
2006The Pursuit of Happyness
15.2%
2006Over the Hedge
15.2%
2009G.I. Jose: The Rise of Cobra
15.2%
2011The Smurfs
15.2%
1967The Jungle Book
15.2%
1978Animal House
15.2%
1999The Blair Witch Project
15.2%
2009A Christmas Carol
15.2%
2011The Help
13.6%
2000What Lies Beneath
13.6%
2010Megamind
13.6%
2002Lilo & Stitch
13.6%
201221 Jump Street
13.6%
1993Sleepless in Seattle
13.6%
2011Rango
13.6%
1986Crocodile Dundee
12.1%
2008Horton Hears a Who!
12.1%
2002Soooby-Doo
12.1%
2008Sex and the City
12.1%
1961101 Dalmatians
12.1%
1994 ('02, '06)The Santa Clause
12.1%
1998Doctor Dolittle
12.1%
2008Marley and Me
12.1%
1989 ('90, '93)Look Who's Talking
12.1%
1996101 Dalmatians (Live Action)
12.1%
2003Anger Management
12.1%
1996 ('00)The Nutty Professor
12.1%
2006Borat
12.1%
2005Robots
12.1%
2006The Devil Wears Prada
12.1%
2000Traffic
12.1%
2000The Perfect Storm
10.6%
2012Hotel Transylvania
10.6%
2010The Last Airbender
10.6%
2008Get Smart
10.6%
2007Enchanted
10.6%
2011Super 8
10.6%
1991City Slickers
10.6%
1990The Hunt for Red October
10.6%
2004Van Helsing
10.6%
2000Dinosaur
9.1%
1996Ransom
9.1%
2000Crouching Tiger, Hidden Dragon
9.1%
1977Smokey and the Bandit
9.1%
2007Bee Movie
9.1%
2002Mr. Deeds
9.1%
2012The Vow
9.1%
1987Good Morning, Vietnam
9.1%
1992The Bodyguard
9.1%
1992Wayne's World
9.1%
2011Puss in Boots
7.6%
2009Paul Blart: Mall Cop
7.6%
2003Cheaper by the Dozen
7.6%
2005Chicken Little
7.6%
1998Patch Adams
7.6%
1994The Flintstones
7.6%
2002 ('05)The Ring
7.6%
1997My Best Friend's Wedding
7.6%
2003Seabiscuit
7.6%
2011Rise of the Planet of the Apes
6.1%
1999Runaway Bride
6.1%
2006Talladega Nights: The Ballad of Ricky Bobby
6.1%
2003Something's Gotta Give
6.1%
1996The Birdcage
6.1%
1994Clear and Present Danger
6.1%
2007Wild Hogs
4.5%
1999Stuart Little
4.5%
1992 ('93)Sister Act
4.5%
2003Bringing Down the House
4.5%
2002Sweet Home Alabama
4.5%
2012Safe House
4.5%
2008Four Christmases
4.5%
2007I Now Pronounce You Chuck and Larry
4.5%
1990Teenage Mutant Ninja Turtles
3%
1982An Officer and a Gentelman
3%

You're not logged in!

Compare scores with friends on all Sporcle quizzes.
Join for Free
OR
Log In

You Might Also Like...

Show Comments

Extras

Top Quizzes Today


Score Distribution

Your Account Isn't Verified!

In order to create a playlist on Sporcle, you need to verify the email address you used during registration. Go to your Sporcle Settings to finish the process.

Report this User

Report this user for behavior that violates our Community Guidelines.

Details: